|
|
|
|
| LEADER |
00000nkm a2200000 a 4500 |
| 001 |
vtls011572665 |
| 003 |
SK-MaSNL |
| 005 |
20260512123432.0 |
| 007 |
kp ao |
| 008 |
231214q1924 xo g kuslo |
| 015 |
|
|
|a SNBG
|
| 035 |
|
|
|a urn:nbn:sk:snk-km00c0cp
|
| 035 |
|
|
|a urn:nbn:sk:snk-km3lpaf
|
| 035 |
|
|
|a 24AFF60E-72C6-4882-90FC-A8649A822070
|
| 040 |
|
|
|a SNK
|b slo
|c SNK
|e AACR2
|
| 041 |
0 |
|
|a slo
|
| 043 |
|
|
|a e-xo---
|
| 044 |
|
|
|a xo
|c SK
|
| 080 |
|
|
|a 711.435(437.6)
|2 2011
|
| 080 |
|
|
|a 711.455:615.838
|2 2011
|
| 080 |
|
|
|a 913(437.6)
|2 2011
|
| 080 |
|
|
|a (437.6)
|2 2011
|
| 080 |
|
|
|a (084.121)
|2 2011
|
| 245 |
0 |
0 |
|a Kúpele Piešťany
|h grafika
|
| 260 |
|
|
|a V Bratislave
|b Sväz slovenských kníhkupcov
|c [1924?]
|e [Hradec Králové]
|f VR
|
| 300 |
|
|
|a 1 pohľadnica
|b tónovaná do hneda
|c 9 x 14 cm
|
| 650 |
0 |
7 |
|a kúpele
|2 SNKPH
|9 1139
|
| 651 |
|
7 |
|a Piešťany (Slovensko)
|2 SNKPH
|9 23981
|
| 655 |
|
7 |
|a miestne pohľadnice
|2 SNKPH
|9 70510
|
| 710 |
2 |
|
|a VR (Hradec Králové, Česko)
|4 prt
|9 423062
|
| 752 |
|
|
|a Slovensko
|d Bratislava
|
| 852 |
|
|
|a Slovenská národná knižnica
|
| 958 |
|
|
|a GC
|
| 958 |
|
|
|a GBN
|
| 958 |
|
|
|a OND
|
| 999 |
|
|
|c 760751
|d 762681
|
| 952 |
|
|
|a SNK
|b SNK
|y PREZ
|7 0
|p 17A1209010
|o snkSP 22086
|0 0
|1 0
|4 0
|d 2016-08-11
|f 1
|l 0
|r 2026-02-24 00:03:18
|w 2026-02-24
|